| Tag |
First Indicator |
Second Indicator |
Subfields |
| LEADER |
00000cam a2200000 i 4500 |
| 001 |
in00000793321 |
| 005 |
20151017065615.0 |
| 008 |
760511s1976 dcu b f00010 eng d |
| 010 |
|
|
|a gp 76001445
|
| 020 |
|
|
|c pbk.
|
| 035 |
|
|
|a (OCoLC)02170142
|
| 035 |
|
|
|9 ADN7554AM
|
| 040 |
|
|
|a GPO
|c GPO
|d UtOrBLW
|
| 043 |
|
|
|a n-us---
|
| 074 |
|
|
|a 16
|
| 086 |
|
|
|a A 1.36:1491
|
| 100 |
1 |
|
|a Fryxell, Paul A.
|
| 245 |
1 |
2 |
|a A nomenclator of Gossypium :
|b the botanical names of cotton /
|c by Paul A. Fryxell ; research geneticist, Southern Region, Agricultural Research Service, U.S. Department of Agriculture, College Station, Tex.
|
| 264 |
|
1 |
|a Washington :
|b U.S. Dept. of Agriculture, Agricultural Research Service,
|c 1976.
|
| 300 |
|
|
|a iii, 114 pages ;
|c 24 cm.
|
| 336 |
|
|
|a text
|b txt
|2 rdacontent
|
| 337 |
|
|
|a unmediated
|b n
|2 rdamedia
|
| 338 |
|
|
|a volume
|b nc
|2 rdacarrier
|
| 490 |
1 |
|
|a Technical bulletin - Dept. of Agriculture ; no. 1491
|
| 500 |
|
|
|a Prepared in cooperation with Texas Agricultural Experiment Station, Texas A & M University.
|
| 500 |
|
|
|a Includes index.
|
| 500 |
|
|
|a Issued Mar. 1976.
|
| 504 |
|
|
|a Bibliography: pages 87-90.
|
| 650 |
|
0 |
|a Cotton
|z United States.
|
| 710 |
1 |
|
|a United States.
|b Agricultural Research Service.
|
| 710 |
2 |
|
|a Texas A & M University.
|
| 710 |
2 |
|
|a Texas Agricultural Experiment Station.
|
| 830 |
|
0 |
|a Technical bulletin (United States. Department of Agriculture) ;
|v no. 1491.
|
| 999 |
|
|
|a MARS
|
| 999 |
f |
f |
|s dc3427e0-03cb-3099-91d1-4c3b45b06080
|i 2ffc0a1a-2e81-3504-a9ac-8b3c9f62d9fc
|t 0
|
| 952 |
f |
f |
|p normal
|a Texas A&M University
|b College Station
|c Sterling C. Evans Library
|d Evans: US Documents (Annex 5th floor)
|t 0
|e A 1.36:1491
|h Superintendent of Documents classification
|i unmediated -- volume
|m A14814589186
|
| 998 |
f |
f |
|a A 1.36:1491
|t 0
|l Evans: US Documents (Annex 5th floor)
|